| 000 | 01074camaa22003137a 4500 | ||
|---|---|---|---|
| 999 |
_c26584 _d26584 |
||
| 001 | 26584 | ||
| 003 | AR-RoBPED | ||
| 005 | 20200304113049.0 | ||
| 008 | 200226b1935 sp a|||b ||| 000 1 spa d | ||
| 040 | _aAR-RoBPED | ||
| 041 | _aspa | ||
| 245 | 0 | 0 |
_aCuentos armoricanos / _cIlustraciones de J. de la Helguera. |
| 260 |
_aBarcelona : _bAraluce, _c1935. |
||
| 300 |
_a74 p. : _bil. ; lám. ; _c15 cm. |
||
| 490 | 0 |
_aLos mejores cuentos para niños ; _vII. _aColección folklórica seleccionada de todas las razas y de todos los pueblos. |
|
| 505 | 0 | 2 | _aEl diablo rector. |
| 505 | 0 | 2 | _aLas piedras de Plouhinec. |
| 505 | 0 | 2 | _aTeuz - Ar - Pouliet. |
| 505 | 0 | 2 | _aComorón. |
| 505 | 0 | 2 | _aJuan Petirrojo. |
| 505 | 0 | 2 | _aIncluye lista de ilustraciones. |
| 650 | 4 |
_924464 _aARCHIVO INFANTIL |
|
| 650 | 4 |
_9291 _aCUENTOS |
|
| 650 | 4 |
_9261 _aENSEÑANZA PRIMARIA |
|
| 650 | 4 |
_917109 _aCUENTOS FOLKLORICOS |
|
| 700 | 1 |
_924914 _aHelguera, J. de la _eIlustrador |
|
| 942 |
_2udc _ak. 26584 _cBK _h82-93 _kIA _mC 93 ar _ninv. 5033 |
||
| 945 | _amm 26/02/2020 ag 27/02/2020 | ||